Actors that have played Miss Marple - Statistics

General Stats
  • This quiz has been taken 9 times
  • The average score is 6 of 25
Answer Stats
Hint Answer % Correct
Miss Marple (1984-1992, TV series) Joan Hickson
78%
Murder, She Said (1961, film) Margaret Rutherford
78%
Murder at the Gallop (1963, film) Margaret Rutherford
78%
Murder Most Foul (1964, film) Margaret Rutherford
78%
Murder Ahoy! (1964, film) Margaret Rutherford
78%
The Alphabet Murders (1965, film) Margaret Rutherford
78%
The Mirror Crack'd (1980, film) Angela Lansbury
44%
Agatha Christie's Marple (2004-2013, TV series, seasons 4-6) Julia McKenzie
44%
Agatha Christie's Marple (2004-2013, TV series, seasons 1-3) Geraldine McEwan
11%
A Caribbean Mystery (1983, TV film) Helen Hayes
11%
Murder with Mirrors (1985, TV film) Helen Hayes
11%
Miss Marple radio series (1993-2001, radio series) June Whitfield
11%
Miss Marple's Final Cases (2015, radio) June Whitfield
11%
Murder at the Vicarage (1976, play) Avril Angers
0%
Murder at the Vicarage (1949, play) Barbara Mullen
0%
Murder at the Vicarage (1974, play) Barbara Mullen
0%
A Murder Is Announced (1977, play) Dulcie Gray
0%
Murder at the Vicarage (1978, play) Gabrielle Hamilton
0%
Goodyear TV Playhouse - A Murder Is Announced (1956, TV episode) Gracie Fields
0%
Mord im Pfarrhaus / The Murder at the Vicarage (1970, TV) Inge Langen
0%
A Pocket Full of Rye (1983, film) Ita Ever
0%
Miss Marple Stories (1990, TV series) Ita Ever
0%
The Mirror Crack'd from Side to Side (2005, play) Ita Ever
0%
Agatha Christie's Great Detectives Poirot and Marple (2004-2005, anime) Kaoru Yachigusa
0%
Murder at the Vicarage (1977, play) Muriel Pavlow
0%
No matching quizzes found
Score Distribution
Percent of People with Each Score
Percentile by Number Answered
Your Score History
You have not taken this quiz